| 000 | 02301cam a22004334i 4500 | ||
|---|---|---|---|
| 003 | PE-LiUPU | ||
| 005 | 20250731173206.0 | ||
| 008 | 150625s r 000 0 d | ||
| 035 | _a(Sirsi) a31464 | ||
| 040 |
_aPE-LiUPU _bspa _cPE-LiUPU _erda |
||
| 082 | 0 | 4 |
_a220.61 _bB13 _221 |
| 100 | 1 |
_aBagot, Jean-Pierre, _eautor. |
|
| 245 | 1 | 0 |
_aPara Leer la Biblia / _cJean-Pierre Bagot, Jean-Claude Dubs ; [traducción, Nicolás Darrícal]. |
| 264 | 1 |
_aNavarra : _bVerbo Divino, _c1987. |
|
| 300 |
_a204 páginas ; _c24 cm. |
||
| 336 |
_atext _2rdacontent |
||
| 337 |
_aunmediated _2rdamedia |
||
| 338 |
_avolume _2rdacarrier |
||
| 505 | 0 | _aLa Biblia: un libro unico en su genero: La biblia, un libro que trata de las verdadesesenciales. -La biblia, un conjunto complejo en el que interesa ante todo orientarse como es debido. -¿Quien ha escrito la biblia?. -El contenido de la biblia. El pentateuco o la historia de la fundacion de Israel: El Genesis o la significacion del mundo creado. -La salida de Egipto y la prueba del desierto o el nacimiento del pueblo de Dios. -La ley o la Tora como fuente de vida. -Grandeza y decadencia de la monarquia israelita: el tiempo de la conquista. -La realeza paece traer el exito esperado. -El cisma de los dos reinos. -Nacimiento y desarollo del judaismo: Los tiempos del destierro. -La vuelta del destierro y el afianzamiento del judaismo bajo la dominacion extranjera. -En tiempos de la persecucion y de la resistencia. -El tesoro de los Salmos i la condensacion de la espiritualidad de ISrael a traves de la historia. | |
| 526 | _aSEG42 | ||
| 526 | _aSEG41 | ||
| 526 | _aSEG40 | ||
| 526 | _aSEG39 | ||
| 526 | _aP94 | ||
| 526 | _aP87 | ||
| 526 | _aP86 | ||
| 526 | _aP85 | ||
| 526 | _aP77 | ||
| 526 | _aP76 | ||
| 526 | _aP35 | ||
| 630 |
_aBiblia _xIntroducciones. _92045 |
||
| 700 | 1 |
_aDubs, Jean-Claude, _eautor. |
|
| 910 | _a | ||
| 942 |
_2ddc _cBOOK |
||
| 949 |
_a220.61 B13 _wDEWEY _c1 _i37523 _lCCODEBUL1 _mBUL _p00.00 _r0 _sY _tBOOK _u2015-06-25 _xBIBLIOTECA _zUNKNOWN _0COMPRA _o.STAFF. Colección General |
||
| 596 | _a1 | ||
| 999 |
_a220.61 B13 _wDEWEY _c39021 _i37523 _f2021-11-9 _g5 _lCCODEBUL1 _mBUL _r0 _sY _tBOOK _u2015-6-25 _xTEOLOGIA _zUNKNOWN _0COMPRA _o.STAFF. Colección General _d39021 |
||
| 980 |
_81 _gALBERTO SANCHEZ Responsable de Automatización |
||